| 000 | 00995cam a2200217 4500 | ||
|---|---|---|---|
| 001 | WB3822-03 | ||
| 008 | 020618n2002 000 0 eng u | ||
| 035 | _a(Sirsi) u118436 | ||
| 245 | _aCommercial demand hits four-year low | ||
| 260 | _c2002 | ||
| 490 |
_aRICS News Service _v18 June 2002, (1) |
||
| 520 | _aThe latest edition of GVA Grimley's Survey of Property Trends indicates that demand for commercial property has fallen to it's lowest level since 1998. Despite this, the economic outlook remains fairly optimistic. For RICS News Release: http://www.rics.org/ricscms/bin/show?class=News&template=/includes/shownews.html&id=2836To view full report: http://www.gvagrimley.co.uk/downloads/CBISurveyofPropertyTrends2002.pdf. | ||
| 590 | _aWB | ||
| 650 | _aPROPERTY-COMMERCIAL PROPERTY-COMMERCIAL PROPERTY MARKET | ||
| 650 | _aPROPERTY DEMAND | ||
| 650 | _aCBI / GRIMLEY SURVEY | ||
| 650 | _aGVA GRIMLEY | ||
| 650 | _aCBI | ||
| 690 | _aPROPERTY-COMMERCIAL PROPERTY | ||
| 942 | _n0 | ||
| 999 |
_c70495 _d70495 |
||